000 00736nam a2200241 a 4500
008
020 _a0070411077 (hbk.)
049 _aMAIN
090 _aTK7868.P7
_bMAR.
100 1 _aMarks, Leonard.
245 1 0 _aPrinted circuit assembly design /
_cLeonard Marks, James Caterina.
260 _aNew York :
_bMcGraw-Hill,
_cc2000.
300 _aviii, 421 p. :
_bill. ;
_c24 cm.
500 _aIncludes index.
500 _aIncludes bibliographical references.
650 0 _aPrinted circuits
_xDesign and construction.
700 1 _aCaterina, James.
907 _a.b1015727x
_b20-04-12
_c04-03-05
003
005 20230123133942.0
040 _cNUST
942 _cBOOKS
_kTK7868.P7
_mMAR.
999 _c157452
_d157452